000 00665nam a2200181 i 4500
001 153406
003 ES-MaACL
005 20230906205217.0
008 981204s1852 sp |||| | spa d
080 _a811.9
245 0 0 _aDel idioma universal, sus ventajas, y posibilidad de obtenerlo :
_b[sigue un "Bosquejo de gramática"].
260 _aSanlúcar de Barrameda :
_b[s.n.],
_c1852 (
_fImp. de D. José M. Esper)
300 _a80 p. ;
_c21 cm.
597 _aPort. con orla tip.
650 4 _aLenguas artificiales.
_9136381
852 4 _aES-MaACL
_jT-57-F-9
852 4 _aES-MaACL
_jT-81-F-10
_z- Enc. hol., falto de cub. original
_z- Enc. en un vol. facticio
999 _c153406
_d153406